000 00536nam a2200181Ia 4500
001 20726
005 20260306172827.0
008 260306t2024||||xx |||||||||||||| ||spa||
041 _aESP
082 _a343.7
_bM86P
100 _aMory Príncipe, Freddy,
_eAUT
245 0 _aProceso administrativo disciplinario :
_bderechos, deberes, obligaciones, prohibiciones, faltas, sanciones, jurisprudencia, marco legal
260 _c2024
300 _a846 páginas :
_c25 cm.
650 _aGEN
654 _aCDE
942 _cLIB
_dJUS
_fJUS
_2ddc
_n
999 _c20726
_d20726